[Event "San Francisco cat 3rd"]
[Site "San Francisco"]
[Date "2000.07.22"]
[Round "4"]
[White "Giaccomo, Gabriel"]
[Black "Degiorgis, Marcelo"]
[Result "1-0"]
[WhiteElo "718"]
[BlackElo "667"]
[PlyCount "49"]
[EventDate "2000.07.15"]
[EventType "swiss"]
[EventRounds "6"]
[EventCountry "ARG"]
[SourceTitle "EXT 2005"]
[Source "ChessBase"]
[SourceDate "2004.11.15"]
[SourceVersion "1"]
[SourceVersionDate "2004.11.15"]
[SourceQuality "1"]

1. e4 e5 2. Nf3 Nf6 3. Nxe5 Qe7 4. d4 d6 5. Nf3 Qxe4+ 6. Be3 Bg4 7. Be2 Nd5 8. Qd2 Nxe3 9. fxe3 Qg6 10. 0-0 Be7 11. Nc3 c6 12. Bd3 Qe6 13. e4 0-0 14. Rae1 Nd7 15. Ne2 Nf6 16. Ng5 Qd7 17. e5 dxe5 18. dxe5 Nd5 19. Ng3 Bxg5 20. Qxg5 Be6 21. Nh5 g6 22. Nf6+ Nxf6 23. exf6 Kh8 24. Re4 Rg8 25. Rh4 1-0